| 000 | 00703nam a22002415a 4500 | ||
|---|---|---|---|
| 001 | 17869754 | ||
| 005 | 20170312112323.0 | ||
| 008 | 130829t2013 caua frbd 001 0 eng d | ||
| 020 | _a9781452206257 | ||
| 040 |
_aEG-ScBUE _beng _cEG-ScBUE |
||
| 082 | 0 | 4 |
_a302.23 _bPOT _222 |
| 100 | 1 |
_aPotter, W. James. _939493 |
|
| 245 | 1 | 0 |
_aMedia literacy / _cW. James Potter. |
| 250 | _a6th ed. | ||
| 260 |
_aCalifornia : _bSAGE Publication, _cc.2013. |
||
| 300 |
_a1 v. (various pagings) : _bill. ; _c24 cm. |
||
| 500 | _aIncludes glossary. | ||
| 504 | _aIncludes bibliographical references and index. | ||
| 650 | 7 |
_aMedia literacy. _2BUEsh |
|
| 651 | _2BUEsh | ||
| 653 |
_bCOMAME _cMarch2017 |
||
| 942 | _2ddc | ||
| 999 |
_c24385 _d24357 |
||